LIBRARY ONLINE CATALOGUE

Kenya - Somalia relations : (Record no. 13269)

MARC details
000 -LEADER
fixed length control field 00716nam a22001932 4500
001 - CONTROL NUMBER
control field 0000009751
005 - DATE AND TIME OF LATEST TRANSACTION
control field 20151217155843.0
008 - FIXED-LENGTH DATA ELEMENTS--GENERAL INFORMATION
fixed length control field 081126s xx 000 0 eng d
040 ## - CATALOGING SOURCE
Original cataloging agency KABU
Transcribing agency KABU
110 2# - MAIN ENTRY--CORPORATE NAME
Corporate name or jurisdiction name as entry element Kenya.
-- 0000150215
245 10 - TITLE STATEMENT
Title Kenya - Somalia relations :
Remainder of title narrative of four years of inspired aggression and direct subversion mounted by the Somali Republic against the Government and people of the Republic of Kenya /
Statement of responsibility, etc. Kenya.
250 ## - EDITION STATEMENT
Edition statement 1st ed.
260 ## - PUBLICATION, DISTRIBUTION, ETC. (IMPRINT)
Place of publication, distribution, etc. Nairobi :
Name of publisher, distributor, etc. Government Printer,
Date of publication, distribution, etc. 1967.
300 ## - PHYSICAL DESCRIPTION
Extent x, 65 p.
651 #0 - SUBJECT ADDED ENTRY--GEOGRAPHIC NAME
Geographic name Kenya
General subdivision Foreign relations
Geographic subdivision Somalia.
-- 0000161516
852 1# - LOCATION
-- p200 KES
908 ## - PUT COMMAND PARAMETER (RLIN)
Put command parameter 081126
950 ## - LOCAL HOLDINGS (RLIN)
-- 1
Holdings
Withdrawn status Lost status Source of classification or shelving scheme Not for loan Home library Current library Date acquired Total Checkouts Full call number Barcode Date last seen Price effective from Koha item type
    Library of Congress Classification   Kabarak, Main Campus Kabarak, Main Campus 17/12/2015   DT434 .E28A5 c. 1 15607 17/12/2015 17/12/2015 Africana Collection